San Fernando, California, earthquake of February 9, 1971 /

Bibliographic Details
Corporate Author: United States. National Oceanic and Atmospheric Administration
Other Authors: Benfer, Neil A. (Editor), Coffman, Jerry L. (Editor)
Format: Government Document Book
Language:English
Published: [Washington] : U.S. Dept. of Commerce, National Oceanic and Atmospheric Administration : 1974-
Subjects:

MARC

Tag First Indicator Second Indicator Subfields
LEADER 00000cam a2200000 a 4500
001 in00002784903
005 20151202171857.0
008 750305m19749999dcua b f001 0 eng
010 |a  74602556  
035 |a (OCoLC)ocm01971644 
040 |a DLC  |b eng  |c DLC  |d BTCTA  |d ZEM  |d GPO  |d MvI  |d UtOrBLW 
043 |a n-us-ca 
049 |a UDOC 
074 |a 0207-C-01 
086 0 |a C 55.602:SA 5/ 
245 0 0 |a San Fernando, California, earthquake of February 9, 1971 /  |c [Editors, Neil A. Benfer, Jerry L. Coffman, associate editor, Lola T. Dees]. 
264 1 |a [Washington] :  |b U.S. Dept. of Commerce, National Oceanic and Atmospheric Administration :  |c 1974- 
264 2 |a [Washington] :  |b For sale by the Supt. of Docs., U.S. G.P.O., 
300 |a volumes :  |b illustrations ;  |c 30 cm. 
336 |a text  |b txt  |2 rdacontent 
337 |a unmediated  |b n  |2 rdamedia 
338 |a volume  |b nc  |2 rdacarrier 
500 |a Cover title. 
504 |a Includes bibliographical references and index. 
505 0 |a v. 1. Effects on building structures (2 v.)--v. 2. Utilities, transportation, and sociological aspects.--v. 3. Geological and geophysical studies. 
500 |a U.S. G.P.O. sales statement incorrect in publication. 
650 0 |a Buildings  |x Earthquake effects  |z California  |z San Fernando. 
650 0 |a Earthquakes  |z California  |z San Fernando. 
650 0 |a San Fernando Earthquake, Calif., 1971. 
651 0 |a San Fernando (Calif.)  |x Buildings, structures, etc. 
700 1 |a Benfer, Neil A.,  |e editor. 
700 1 |a Coffman, Jerry L.,  |e editor. 
710 1 |a United States.  |b National Oceanic and Atmospheric Administration. 
740 0 |a Effects on building structures. 
740 0 |a Utilities, transportation, and sociological aspects. 
740 0 |a Geological and geophysical studies. 
999 |a MARS 
999 f f |s 6d2503d3-21fd-30b9-a23c-2896e53b0ead  |i 305b12ab-6722-336e-af6c-4fdd7a05be1d  |t 0 
952 f f |p normal  |a Texas A&M University  |b College Station  |c Sterling C. Evans Library  |d Evans: US Documents (Annex 5th floor)  |t 0  |e C 55.602:SA 5/  |h Superintendent of Documents classification  |i unmediated -- volume  |k v.2  |m A14839390057 
952 f f |p normal  |a Texas A&M University  |b College Station  |c Sterling C. Evans Library  |d Evans: US Documents (Annex 5th floor)  |t 0  |e C 55.602:SA 5/  |h Superintendent of Documents classification  |i unmediated -- volume  |k v.1:pt.B  |m A14839390015 
952 f f |p normal  |a Texas A&M University  |b College Station  |c Sterling C. Evans Library  |d Evans: US Documents (Annex 5th floor)  |t 0  |e C 55.602:SA 5/  |h Superintendent of Documents classification  |i unmediated -- volume  |k v.3  |m A14841048161 
952 f f |p normal  |a Texas A&M University  |b College Station  |c Sterling C. Evans Library  |d Evans: US Documents (Annex 5th floor)  |t 0  |e C 55.602:SA 5/  |h Superintendent of Documents classification  |i unmediated -- volume  |k v.1:pt.A  |m A14839389975 
998 f f |a C 55.602:SA 5/  |s v.1-3  |t 0  |l Evans: US Documents (Annex 5th floor)